000 01609nam a2200409Ia 4500
001 ebr10661816
003 CaPaEBR
006 m u
007 cr cn|||||||||
008 100818s2011 nyua sb 001 0 eng d
010 _z 2010033042
020 _z9781611221701
020 _z9781617617928 (softcover)
020 _z161761792X (softcover)
040 _aCaPaEBR
_cCaPaEBR
035 _a(OCoLC)757394253
041 1 _aeng
_hrus
050 1 4 _aQD341.E7
_bR8713 2011eb
082 0 4 _a668.4/23
_222
100 1 _aRusanov, A. L.
_q(Aleksandr Lvovich),
_d1939-
245 1 0 _aAromatic polyethers based on heterocyclic monomers
_h[electronic resource] /
_cAlexander L. Rusanov and Nataliya M. Belomoina ; G. E. Zaikov, editor.
260 _aNew York :
_bNovinka/Nova Science Publishers,
_cc2011.
300 _avi, 171 p. :
_bill.
490 1 _aChemistry research applications
500 _aTranslated from the Russian.
504 _aIncludes bibliographical references and index.
533 _aElectronic reproduction.
_bPalo Alto, Calif. :
_cebrary,
_d2013.
_nAvailable via World Wide Web.
_nAccess may be limited to ebrary affiliated libraries.
650 0 _aPolyethers
_xSynthesis.
650 0 _aAromatic compounds
_xSynthesis.
650 0 _aMonomers.
650 0 _aHeterocyclic compounds.
655 7 _aElectronic books.
_2local
700 1 _aBelmoina, N. M.
710 2 _aebrary, Inc.
830 0 _aChemistry research and applications series.
856 4 0 _uhttp://site.ebrary.com/lib/rucke/Doc?id=10661816
_zAn electronic book accessible through the World Wide Web; click to view
999 _c66020
_d66020